01075 a2200157 45000010006000000050017000060080041000230030015000640400040000790800074001192450044001932640048002373000019002855050593003041000020008974647120260407155736.0260407a1984 arg spa dAR-UNSa-BCEJYS aAR-UNSa-BCEJYSbspacAR-UNSa-BCEJYS a658.115xEmpresas públicas, estatales y nacionalizadas (Economía)10aLas empresas públicas en la Argentina 1aBuenos Aires :bEl Cronista Comercialc1984 a179 p.c20 cm. aParte I: Introducción – Parte II: Caracterización de las empresas públicas: 1. Sus orígenes – 2. Universo actual – 3. Su participación en la economía – 4. Evolución del marco institucional – Parte III: Desenvolvimiento de las empresas públicas: 1. Evolución de las formas de dirección empresaria – 2. Régimen actual de conducción, planeamiento y control – 3. Problemas presentes. Manifestaciones y orígenes – Parte IV: Mejora del sector de empresas públicas: 1. Sus objetivos – 2. Criterios básicos – 3. Modificaciones institucionales - 1 aUgalde, Alberto